Score 0/10 Timer 03:00
1 Play Today
Question Answer Wrong Answers
Which is the oldest?
Languages Still Spoken
Hebrew
90.2%
Spanish
2.7%
German
2.5%
Italian
3.1%
Which is the oldest?
Mario Games
Mario Bros.
83.7%
Mario and Wario
2.1%
Dr. Mario
6.2%
Mario Kart
6.7%
Who's the oldest?
2016 Presidential Candidates
Donald Trump
78.9%
Hillary Clinton
9.9%
Jill Stein
3.1%
Gary Johnson
6.8%
Which is the oldest?
Pixar Movies
Toy Story
72.8%
Up
1.6%
Monsters, Inc.
3%
A Bug's Life
21.3%
Which one's the oldest?
Big 4 Sports
MLB
71.2%
NBA
8.9%
NFL
10.8%
NHL
7.6%
Which is the oldest?
US States
Delaware
65%
New York
9%
Pennsylvania
20.3%
New Jersey
4.3%
Who is the oldest?
Brady Bunch Child
Greg
63.8%
Peter
16.4%
Jan
8.3%
Bobby
10.1%
Which is the oldest?
Elements Named After People
Curium
33.3%
Einsteinium
14.7%
Copernicium
44.2%
Flerovium
6.2%
Who's the oldest?
Beatles Members
Ringo Starr
31.1%
John Lennon
26.2%
Paul McCartney
18%
George Harrison
23.4%
Which one's the oldest?
World Religions
Hinduism
24.3%
Judaism
42.3%
Islam
12.5%
Buddhism
19.6%
Come Together.
Have Fun.
All Virtual.
We all need to come together. Play Sporcle's virtual live trivia to have fun, connect with people, and get your trivia on. Join a live hosted trivia game for your favorite pub trivia experience done virtually. If a virtual private party is more your thing, go here for details.

You're not logged in!

Compare scores with friends on all Sporcle quizzes.
OR
Log In

Sporcle TV

Today on Sporcle TV


Watch our educational content, quiz creation guides, and fun videos on Sporcle TV.

Show Comments

Extras

Top Quizzes Today


Score Distribution

Paid Content

Your Account Isn't Verified!

In order to create a playlist on Sporcle, you need to verify the email address you used during registration. Go to your Sporcle Settings to finish the process.

Report this User

Report this user for behavior that violates our Community Guidelines.

Details: